Národná hrdosť cez žalúdok

Potenciál kvality výrobkov s označením CHOP (chránené označenie pôvodu) a CHZO (chránené zemepisné označenie). Slabé využívanie týchto označení na Slovensku. Potreba zvýšiť povedomie o týchto výrobkoch. Aktívne Záhorie - stupavský trdelník, stupavské zelé. Žitavská paprika. Certifikovaná slovenská b...

Full description

Saved in:
Bibliographic Details
Main Author: Lászlóová, Klaudia
Format: Book Chapter
Language:Slovak
Subjects:
Tags: Add Tag
No Tags, Be the first to tag this record!

MARC

LEADER 00000naa a2200000 4500
001 0205184
005 20231113083615.9
041 0 |a slo 
044 |a SK 
245 1 0 |a Národná hrdosť cez žalúdok  |c Klaudia Lászlóová 
520 |a Potenciál kvality výrobkov s označením CHOP (chránené označenie pôvodu) a CHZO (chránené zemepisné označenie). Slabé využívanie týchto označení na Slovensku. Potreba zvýšiť povedomie o týchto výrobkoch. Aktívne Záhorie - stupavský trdelník, stupavské zelé. Žitavská paprika. Certifikovaná slovenská bryndza. Chýbajúci silný marketing. 
610 2 0 |a potraviny 
610 2 0 |a kvalita 
610 2 0 |a značky kvality 
610 2 0 |a certifikácia 
610 2 0 |a výrobky 
610 2 0 |a víno 
610 2 0 |a Slovensko 
100 1 |a Lászlóová, Klaudia